Native aquatic bacteria : enumeration, activity and ecology
Αποθηκεύτηκε σε:
| Συγγραφή απο Οργανισμό/Αρχή: | |
|---|---|
| Άλλοι συγγραφείς: | , |
| Μορφή: | Βιβλίο |
| Γλώσσα: | English |
| Δημοσίευση: |
Philadelphia :
American Society for Testing and Materials Special Technical ,
1979.
|
| Θέματα: | |
| Ετικέτες: |
Προσθήκη ετικέτας
Δεν υπάρχουν, Καταχωρήστε ετικέτα πρώτοι!
|
MARC
| LEADER | 00000cam a2200000 i 4500 | ||
|---|---|---|---|
| 001 | 1/1081 | ||
| 008 | 950706s1979 pau| ||| |||| ||eng|| | ||
| 035 | |l 10014309 | ||
| 040 | |a GR-MyUa |b gre |e AACR2 | ||
| 041 | 0 | |a eng | |
| 082 | 7 | |a 589.9092 |2 (22) | |
| 245 | 0 | 0 | |a Native aquatic bacteria : |b enumeration, activity and ecology / |c J. W. Costerton and R. R. Colwell, editors. |
| 260 | |a Philadelphia : |b American Society for Testing and Materials Special Technical , |c 1979. | ||
| 300 | |a 214 σ. : |b εικ. ; |c 24 εκ. | ||
| 650 | 0 | 0 | |a Water |x Microbiology |x Congresses. |
| 650 | 0 | 0 | |a Indicators (Biology) |x Congresses. |
| 650 | 0 | 0 | |a Bacteria |x Ecology |x Congresses. |
| 700 | 1 | |a Costerton, J. W. |4 edt | |
| 700 | 1 | |a Colwell, Rita R., |d 1934- |4 edt | |
| 710 | 2 | |a American Society for Testing and Materials. |b Committee D-19 on Water. | |
| 852 | |a INST |b LESVOS |e 19950706 |h 589.9092 ΝΑΤ |p 005100007952 |q 005100007952 |t BK |y 0 | ||
| 909 | |a Λ |b 021994 | ||
| 922 | |a 1ΕΛΗ |b 199112 |c ΠΠ/1117 | ||